[Event "CZE-ch Seniors 50"]
[Site "Olomouc"]
[Date "2023.08.18"]
[Round "8"]
[White "Cap, Piotr"]
[Black "Kastner, Oldrich"]
[Result "1-0"]
[WhiteElo "2136"]
[BlackElo "2038"]
[PlyCount "63"]
[EventDate "2023.08.12"]
[EventType "swiss"]
[EventRounds "9"]
[EventCountry "CZE"]
[SourceTitle "EXT 2024"]
[Source "ChessBase"]
[SourceDate "2023.10.10"]
[SourceVersion "1"]
[SourceVersionDate "2023.10.10"]
[SourceQuality "1"]

1. d4 e6 2. Nf3 Nf6 3. Bg5 h6 4. Bh4 c5 5. e3 d5 6. Nbd2 Nc6 7. c3 g5 8. Bg3 Nh5 9. Bd3 Nxg3 10. hxg3 Qf6 11. Qe2 cxd4 12. exd4 Bd6 13. Bb5 Bd7 14. Bxc6 bxc6 15. Ne5 Ke7 16. 0-0 h5 17. f4 g4 18. f5 Rh7 19. fxe6 Qxe6 20. Rae1 Bxe5 21. dxe5 Qh6 22. Rf6 Qg5 23. Qf2 h4 24. gxh4 Qxh4 25. Rxf7+ Kd8 26. Rxh7 Qxh7 27. e6 Be8 28. Qf4 Qg7 29. Nb3 Kc8 30. Nc5 Rb8 31. Qd6 Rxb2 32. e7 1-0

[Event "CZE-ch Seniors 50"]
[Site "Olomouc"]
[Date "2023.08.17"]
[Round "7"]
[White "Kastner, Oldrich"]
[Black "Jiruse, Josef"]
[Result "1/2-1/2"]
[WhiteElo "2038"]
[BlackElo "1914"]
[PlyCount "50"]
[EventDate "2023.08.12"]
[EventType "swiss"]
[EventRounds "9"]
[EventCountry "CZE"]
[SourceTitle "EXT 2024"]
[Source "ChessBase"]
[SourceDate "2023.10.10"]
[SourceVersion "1"]
[SourceVersionDate "2023.10.10"]
[SourceQuality "1"]

1. d4 f5 2. e4 fxe4 3. Nc3 Nf6 4. Bg5 c6 5. Bxf6 exf6 6. Nxe4 d5 7. Ng3 Qe7+ 8. Qe2 Bg4 9. Qxe7+ Bxe7 10. Bd3 Bd6 11. h3 Be6 12. Nf5 Bxf5 13. Bxf5 Nd7 14. Nf3 g6 15. Bd3 Kf7 16. 0-0 Rhe8 17. Rfe1 Rxe1+ 18. Rxe1 Re8 19. Kf1 Rxe1+ 20. Kxe1 Bf4 21. Kd1 Nb6 22. c3 Nc8 23. Ke2 Nd6 24. Nd2 Ke6 25. g3 Bh6 1/2-1/2

[Event "CZE-ch Seniors 50"]
[Site "Olomouc"]
[Date "2023.08.16"]
[Round "6"]
[White "Llopis de Aysa, Manuel"]
[Black "Kastner, Oldrich"]
[Result "0-1"]
[WhiteElo "1995"]
[BlackElo "2038"]
[PlyCount "110"]
[EventDate "2023.08.12"]
[EventType "swiss"]
[EventRounds "9"]
[EventCountry "CZE"]
[SourceTitle "EXT 2024"]
[Source "ChessBase"]
[SourceDate "2023.10.10"]
[SourceVersion "1"]
[SourceVersionDate "2023.10.10"]
[SourceQuality "1"]

1. d4 Nf6 2. Nf3 e6 3. c4 b6 4. g3 c6 5. Bg2 Bb4+ 6. Bd2 Be7 7. Nc3 d5 8. 0-0 0-0 9. Bf4 Ba6 10. cxd5 cxd5 11. Ne5 Nfd7 12. Rc1 Nxe5 13. Bxe5 Qd7 14. Bxb8 Raxb8 15. Re1 Rfc8 16. e3 Rc7 17. Bf1 Bxf1 18. Kxf1 Rbc8 19. Qd3 Bb4 20. Red1 Bxc3 21. Rxc3 Rxc3 22. bxc3 Qa4 23. Rd2 Rc4 24. Ke2 Qa5 25. Rc2 Ra4 26. Qd2 Qa6+ 27. Ke1 Qc4 28. Qe2 Qc6 29. Qd2 Rc4 30. Kd1 b5 31. Kc1 g6 32. Kb1 h5 33. h4 Kg7 34. Kb2 f6 35. Kb1 e5 36. dxe5 fxe5 37. Kb2 a5 38. Rc1 Kf6 39. Rc2 Qc5 40. Kb1 e4 41. Rc1 Ke5 42. Kb2 Kd6 43. Kb1 a4 44. Rc2 a3 45. Kc1 Ke5 46. Kd1 Kf5 47. Kc1 Ke6 48. Kd1 Qb6 49. Qc1 b4 50. Qb1 Kf5 51. Qb3 Qb5 52. Kd2 Kg4 53. cxb4 Qxb4+ 54. Qxb4 Rxb4 55. Kc1 Rc4 0-1

[Event "CZE-ch Seniors 50"]
[Site "Olomouc"]
[Date "2023.08.13"]
[Round "2"]
[White "Kastner, Oldrich"]
[Black "Molnar, Jiri"]
[Result "1/2-1/2"]
[WhiteElo "2038"]
[BlackElo "1918"]
[PlyCount "90"]
[EventDate "2023.08.12"]
[EventType "swiss"]
[EventRounds "9"]
[EventCountry "CZE"]
[SourceTitle "EXT 2024"]
[Source "ChessBase"]
[SourceDate "2023.10.10"]
[SourceVersion "1"]
[SourceVersionDate "2023.10.10"]
[SourceQuality "1"]

1. d4 d5 2. Bf4 Bf5 3. e3 e6 4. c4 c5 5. cxd5 exd5 6. Nf3 Nc6 7. Nc3 Nf6 8. Rc1 Be7 9. dxc5 Bxc5 10. Bb5 0-0 11. 0-0 Rc8 12. Bxc6 bxc6 13. Na4 Bb6 14. Nd4 Bd7 15. Nc5 Bxc5 16. Rxc5 Ne4 17. Rc1 c5 18. Ne2 Bb5 19. f3 Nf6 20. Re1 Re8 21. Bg5 h6 22. Nc3 hxg5 23. Nxb5 Qb6 24. Nc3 Qxb2 25. Nxd5 Nxd5 26. Qxd5 Rxe3 27. Red1 Re5 28. Qc4 Rce8 29. Rc2 Re1+ 30. Rxe1 Rxe1+ 31. Kf2 Qe5 32. Qxc5 Re2+ 33. Kf1 Qxc5 34. Rxc5 Rxa2 35. Rxg5 a5 36. h4 f6 37. Rg4 a4 38. Kg1 Kf7 39. Kh2 a3 40. Ra4 Ra1 41. Kg3 Ke6 42. h5 a2 43. Ra5 Rh1 44. Rxa2 Rxh5 45. Ra6+ Kf7 1/2-1/2

[Event "CZE-ch Seniors 50"]
[Site "Olomouc"]
[Date "2023.08.12"]
[Round "1"]
[White "Laloucek, Miroslav"]
[Black "Kastner, Oldrich"]
[Result "0-1"]
[WhiteElo "1719"]
[BlackElo "2038"]
[PlyCount "46"]
[EventDate "2023.08.12"]
[EventType "swiss"]
[EventRounds "9"]
[EventCountry "CZE"]
[SourceTitle "EXT 2024"]
[Source "ChessBase"]
[SourceDate "2023.10.10"]
[SourceVersion "1"]
[SourceVersionDate "2023.10.10"]
[SourceQuality "1"]

1. f4 Nf6 2. Nf3 g6 3. c4 c5 4. Nc3 d5 5. cxd5 Nxd5 6. e3 Bg7 7. d4 0-0 8. e4 Nxc3 9. bxc3 cxd4 10. Nxd4 e5 11. Ne2 Qa5 12. fxe5 Nc6 13. Bd2 Bg4 14. h3 Nxe5 15. Qc2 Bd7 16. Nd4 Rac8 17. Rc1 Rfe8 18. c4 Qd8 19. Nf3 Bc6 20. Be3 f5 21. Rd1 Qa5+ 22. Qd2 Nxf3+ 23. gxf3 Bc3 0-1

[Event "Pardubice Region-chT 2223"]
[Site "Czech Republic"]
[Date "2023.03.19"]
[Round "10.4"]
[White "Nespurek, Jan"]
[Black "Kastner, Oldrich"]
[Result "0-1"]
[WhiteElo "1616"]
[BlackElo "2039"]
[PlyCount "50"]
[EventDate "2022.10.09"]
[EventType "team-tourn"]
[EventRounds "11"]
[EventCountry "CZE"]
[SourceTitle "EXT 2024"]
[Source "ChessBase"]
[SourceDate "2023.10.10"]
[SourceVersion "1"]
[SourceVersionDate "2023.10.10"]
[SourceQuality "1"]

1. e4 Nf6 2. Nc3 d5 3. e5 Nfd7 4. d4 e6 5. Nf3 c5 6. Bg5 Qb6 7. Na4 Qa5+ 8. c3 cxd4 9. b4 Qc7 10. cxd4 Bxb4+ 11. Bd2 Qa5 12. Rb1 Nc6 13. Rxb4 Nxb4 14. Qb3 b5 15. Nb2 Qxa2 16. Qxb4 a5 17. Qc3 b4 18. Qc1 Bb7 19. Qc7 Qxb2 20. Qxb7 Qa1+ 21. Ke2 Rb8 22. Qc7 b3 23. Ke3 0-0 24. Qxa5 b2 25. Bd3 Qxh1 0-1

[Event "Pardubice Region-chT 2223"]
[Site "Czech Republic"]
[Date "2023.01.15"]
[Round "6.3"]
[White "Kastner, Oldrich"]
[Black "Zeman, Martin2222"]
[Result "1/2-1/2"]
[WhiteElo "2039"]
[BlackElo "1877"]
[PlyCount "59"]
[EventDate "2022.10.09"]
[EventType "team-tourn"]
[EventRounds "11"]
[EventCountry "CZE"]
[SourceTitle "EXT 2024"]
[Source "ChessBase"]
[SourceDate "2023.10.10"]
[SourceVersion "1"]
[SourceVersionDate "2023.10.10"]
[SourceQuality "1"]

1. d4 e6 2. Bf4 d5 3. e3 Nf6 4. Nf3 Bd6 5. Ne5 0-0 6. Nd2 c5 7. c3 a6 8. Bd3 Nc6 9. Bg3 Qc7 10. f4 Nd7 11. Qh5 f5 12. Bh4 Nf6 13. Qe2 Bd7 14. Rg1 Be8 15. Bxf6 Rxf6 16. g4 cxd4 17. exd4 fxg4 18. Qxg4 Rh6 19. Ndf3 Bxe5 20. Nxe5 Nxe5 21. fxe5 Qe7 22. 0-0-0 b5 23. Rd2 Bg6 24. Qe2 Bxd3 25. Qxd3 Rf8 26. Rdg2 g6 27. a4 Qe8 28. Rf1 Rxf1+ 29. Qxf1 Rh5 30. Rf2 1/2-1/2

[Event "CZE-chT2D 2223"]
[Site "Czech Republic"]
[Date "2023.01.08"]
[Round "6.4"]
[White "Kastner, Oldrich"]
[Black "Opravil, Karel"]
[Result "1-0"]
[WhiteElo "2039"]
[BlackElo "2083"]
[PlyCount "89"]
[EventDate "2022.10.16"]
[EventType "team-tourn"]
[EventRounds "11"]
[EventCountry "CZE"]
[SourceTitle "EXT 2024"]
[Source "ChessBase"]
[SourceDate "2023.10.10"]
[SourceVersion "1"]
[SourceVersionDate "2023.10.10"]
[SourceQuality "1"]
[WhiteTeam "Policka Stefanydes"]
[BlackTeam "Zabreh"]
[WhiteTeamCountry "CZE"]
[BlackTeamCountry "CZE"]

1. d4 Nf6 2. Nf3 d5 3. Bf4 e6 4. e3 Bd6 5. Ne5 0-0 6. Bd3 b6 7. Nd2 c5 8. c3 Ba6 9. Bxa6 Nxa6 10. h4 Qc7 11. h5 Nd7 12. h6 g6 13. Ndf3 Nab8 14. Qd3 Nc6 15. Nxc6 Qxc6 16. Bxd6 Qxd6 17. e4 dxe4 18. Qxe4 f5 19. Qe2 Rac8 20. Rd1 c4 21. 0-0 Nf6 22. Ne5 b5 23. f3 Nd5 24. Rfe1 Rfe8 25. a4 a6 26. axb5 axb5 27. Ra1 Ra8 28. Kf2 Qe7 29. Qd2 Qh4+ 30. Kg1 g5 31. Nd7 Qxh6 32. Qe2 Rad8 33. Nc5 Rd6 34. Qe5 Rb6 35. Ra7 Nf4 36. Qc7 Rbb8 37. Qf7+ Kh8 38. d5 Qg6 39. Qxg6 hxg6 40. d6 Rbd8 41. Rd1 e5 42. Re7 Nd3 43. Nxd3 cxd3 44. Rxd3 Kg8 45. Rd5 1-0

[Event "Pardubice Region-chT 2223"]
[Site "Czech Republic"]
[Date "2022.12.11"]
[Round "5.4"]
[White "Kastner, Oldrich"]
[Black "Kotva, Milan"]
[Result "1-0"]
[WhiteElo "2039"]
[BlackElo "1775"]
[PlyCount "63"]
[EventDate "2022.10.09"]
[EventType "team-tourn"]
[EventRounds "11"]
[EventCountry "CZE"]
[SourceTitle "EXT 2024"]
[Source "ChessBase"]
[SourceDate "2023.10.10"]
[SourceVersion "1"]
[SourceVersionDate "2023.10.10"]
[SourceQuality "1"]

1. d4 d5 2. Bf4 Nf6 3. e3 e6 4. Nd2 Be7 5. Bd3 b6 6. c3 0-0 7. Qc2 a5 8. Ngf3 Ba6 9. Bxa6 Rxa6 10. a4 Nbd7 11. e4 dxe4 12. Nxe4 Nd5 13. Neg5 N7f6 14. Be5 h6 15. h4 Qa8 16. 0-0-0 Qc6 17. Bxf6 Nxf6 18. Ne5 Qb7 19. f3 hxg5 20. hxg5 Ne4 21. fxe4 Bxg5+ 22. Kb1 b5 23. Nd7 b4 24. Nc5 Qc6 25. Nxa6 Qxa6 26. c4 Qb7 27. b3 c6 28. Rh5 f6 29. e5 Kf7 30. Rf1 Ke7 31. Qg6 c5 32. Rxg5 1-0

[Event "CZE-chT2D 2223"]
[Site "Czech Republic"]
[Date "2022.11.20"]
[Round "3.5"]
[White "Kastner, Oldrich"]
[Black "Jurek, Miroslav"]
[Result "1/2-1/2"]
[WhiteElo "2039"]
[BlackElo "2072"]
[PlyCount "41"]
[EventDate "2022.10.16"]
[EventType "team-tourn"]
[EventRounds "11"]
[EventCountry "CZE"]
[SourceTitle "EXT 2024"]
[Source "ChessBase"]
[SourceDate "2023.10.10"]
[SourceVersion "1"]
[SourceVersionDate "2023.10.10"]
[SourceQuality "1"]
[WhiteTeam "Policka Stefanydes"]
[BlackTeam "Jihlava Gambit"]
[WhiteTeamCountry "CZE"]
[BlackTeamCountry "CZE"]

1. d4 Nf6 2. Nf3 g6 3. Bg5 Bg7 4. Nbd2 d5 5. e3 0-0 6. Be2 Nbd7 7. 0-0 c5 8. c3 b6 9. a4 a5 10. Bb5 Bb7 11. Qe2 Ne4 12. Nxe4 dxe4 13. Nd2 Bf6 14. Qg4 Bxg5 15. Qxg5 cxd4 16. cxd4 e5 17. Qxd8 Raxd8 18. dxe5 Nxe5 19. Nc4 Nxc4 20. Bxc4 Rd2 21. b3 1/2-1/2

[Event "Pardubice Region-chT 2223"]
[Site "Czech Republic"]
[Date "2022.10.30"]
[Round "2.4"]
[White "Kamenik, David"]
[Black "Kastner, Oldrich"]
[Result "1/2-1/2"]
[WhiteElo "1842"]
[BlackElo "2039"]
[PlyCount "134"]
[EventDate "2022.10.09"]
[EventType "team-tourn"]
[EventRounds "11"]
[EventCountry "CZE"]
[SourceTitle "EXT 2024"]
[Source "ChessBase"]
[SourceDate "2023.10.10"]
[SourceVersion "1"]
[SourceVersionDate "2023.10.10"]
[SourceQuality "1"]

1. e4 Nf6 2. e5 Nd5 3. d4 d6 4. exd6 exd6 5. Nf3 Be7 6. Be2 0-0 7. 0-0 Bf5 8. c3 Bf6 9. Bd3 Bxd3 10. Qxd3 Nc6 11. Na3 Re8 12. Bd2 Qd7 13. Rae1 h6 14. Re4 Rxe4 15. Qxe4 Qe6 16. Re1 Qxe4 17. Rxe4 Kf8 18. Nc2 Nb6 19. b3 Re8 20. Rxe8+ Kxe8 21. Kf1 Kd7 22. Ke2 Ke6 23. Kd3 d5 24. h3 Be7 25. Bf4 Bd8 26. Ne5 Ne7 27. Bd2 Nd7 28. Nxd7 Kxd7 29. Ne3 c6 30. f3 Bc7 31. Ng4 Ke6 32. Ke2 h5 33. Nf2 Ng6 34. Nd3 Bd6 35. Kf2 b6 36. Be3 f6 37. b4 b5 38. Bd2 h4 39. f4 Ne7 40. Kf3 Kf5 41. Be1 g5 42. fxg5 fxg5 43. Bd2 Ng8 44. Nc1 Nf6 45. Be1 Ne4 46. Nb3 Bc7 47. a3 Bb6 48. Ke3 Nd6 49. Nd2 a5 50. g4+ Kf6 51. Kd3 a4 52. Bf2 Bc7 53. Be3 Nf7 54. Nf3 Bd6 55. Ke2 Kg6 56. Kd3 Bc7 57. Kc2 Kf6 58. Kd3 Bd8 59. Ke2 Ke6 60. Kd3 Bf6 61. Bc1 Ke7 62. Be3 Kf8 63. Bc1 Kg7 64. Bd2 Kg6 65. Bc1 Nd8 66. Bd2 Ne6 67. Be3 Bg7 1/2-1/2

[Event "Olomouc Seniors op"]
[Site "Olomouc"]
[Date "2022.08.14"]
[Round "2"]
[White "Kotva, Milan"]
[Black "Kastner, Oldrich"]
[Result "1-0"]
[WhiteElo "1829"]
[BlackElo "2006"]
[PlyCount "45"]
[EventDate "2022.08.13"]
[EventType "swiss"]
[EventRounds "9"]
[EventCountry "CZE"]
[SourceTitle "CBM 209 Extra"]
[Source "ChessBase"]
[SourceDate "2022.09.30"]
[SourceVersion "1"]
[SourceVersionDate "2022.09.30"]
[SourceQuality "1"]

1. e4 Nf6 2. Nc3 d6 3. d4 g6 4. f4 c5 5. d5 Bg7 6. Nf3 0-0 7. Be2 a6 8. a4 Qc7 9. 0-0 Nbd7 10. Kh1 Rb8 11. Qe1 Re8 12. Qh4 Nf8 13. Bc4 N6d7 14. e5 Nb6 15. Ba2 Bf5 16. Rf2 Bd7 17. Ng5 Bxa4 18. f5 Bb5 19. fxg6 fxg6 20. Rxf8+ Kxf8 21. Ne6+ Kg8 22. Nxc7 Rf8 23. Bh6 1-0

[Event "CZE-chT2D 1920"]
[Site "Czech Republic"]
[Date "2020.06.28"]
[Round "11.5"]
[White "Kastner, Oldrich"]
[Black "Sykora, Josef"]
[Result "1/2-1/2"]
[WhiteElo "2017"]
[BlackElo "2069"]
[PlyCount "24"]
[EventDate "2019.10.13"]
[EventType "team-tourn"]
[EventRounds "11"]
[EventCountry "CZE"]
[SourceTitle "EXT 2024"]
[Source "ChessBase"]
[SourceDate "2023.10.10"]
[SourceVersion "1"]
[SourceVersionDate "2023.10.10"]
[SourceQuality "1"]
[WhiteTeam "Policka Stefanydes"]
[BlackTeam "Pardubice Rapid"]
[WhiteTeamCountry "CZE"]
[BlackTeamCountry "CZE"]

1. d4 d5 2. Bf4 Nf6 3. e3 Bg4 4. Nf3 e6 5. c4 c6 6. Nbd2 Bd6 7. Bxd6 Qxd6 8. Qb3 Qc7 9. Ne5 0-0 10. Bd3 Bf5 11. Bxf5 exf5 12. Rc1 dxc4 1/2-1/2

[Event "CZE-chT2D 1920"]
[Site "Czech Republic"]
[Date "2019.11.17"]
[Round "3.4"]
[White "Reznicek, Dominik"]
[Black "Kastner, Oldrich"]
[Result "1-0"]
[WhiteElo "2096"]
[BlackElo "2017"]
[PlyCount "85"]
[EventDate "2019.10.13"]
[EventType "team-tourn"]
[EventRounds "11"]
[EventCountry "CZE"]
[SourceTitle "EXT 2024"]
[Source "ChessBase"]
[SourceDate "2023.10.10"]
[SourceVersion "1"]
[SourceVersionDate "2023.10.10"]
[SourceQuality "1"]
[WhiteTeam "Polabiny III"]
[BlackTeam "Policka Stefanydes"]
[WhiteTeamCountry "CZE"]
[BlackTeamCountry "CZE"]

1. e4 Nf6 2. Nc3 d5 3. exd5 Nxd5 4. Nxd5 Qxd5 5. d4 Nc6 6. Nf3 Bg4 7. Be2 e6 8. Bf4 Bd6 9. Bxd6 cxd6 10. 0-0 0-0 11. c4 Qa5 12. a3 Qb6 13. b4 Bxf3 14. Bxf3 Nxd4 15. Bxb7 Rab8 16. Be4 f5 17. Bd3 e5 18. Re1 Rbe8 19. Rc1 Qd8 20. c5 Rf6 21. Bf1 f4 22. Qd3 Rh6 23. Re4 Qh4 24. h3 Qg5 25. Rce1 Rhe6 26. cxd6 Rxd6 27. Qc4+ Kf8 28. Qc5 Qg6 29. Kh2 Nb3 30. Qc3 Nd2 31. Rxe5 Nxf1+ 32. Rxf1 Rxe5 33. Qxe5 Qf6 34. Qc5 Qd4 35. Qf5+ Kg8 36. Re1 Rd8 37. Re7 h6 38. Qf7+ Kh8 39. f3 a6 40. Re8+ Rxe8 41. Qxe8+ Kh7 42. Qe4+ Qxe4 43. fxe4 1-0

[Event "Prague Summer op-B 6th"]
[Site "Prague"]
[Date "2019.08.06"]
[Round "6"]
[White "Kastner, Oldrich"]
[Black "Schultz, Bernfried"]
[Result "1-0"]
[WhiteElo "2033"]
[BlackElo "1705"]
[PlyCount "51"]
[EventDate "2019.08.02"]
[EventType "swiss"]
[EventRounds "9"]
[EventCountry "CZE"]
[SourceTitle "EXT 2020"]
[Source "ChessBase"]
[SourceDate "2019.10.17"]
[SourceVersion "1"]
[SourceVersionDate "2019.10.17"]
[SourceQuality "1"]

1. Nf3 f5 2. g3 Nf6 3. Bg2 d6 4. d4 e6 5. 0-0 Be7 6. b3 0-0 7. c4 a5 8. Nc3 Na6 9. Bb2 c5 10. e3 cxd4 11. exd4 Qe8 12. Re1 Qh5 13. Qd2 h6 14. Qe2 Ng4 15. h3 Nf6 16. Nh4 Qf7 17. Nxf5 exf5 18. Qxe7 Nb4 19. Rad1 Ne4 20. Qxf7+ Rxf7 21. Nxe4 fxe4 22. Bxe4 Bxh3 23. a3 d5 24. Bh1 Raf8 25. f4 Bg4 26. Rd2 1-0

[Event "Prague Summer op-B 6th"]
[Site "Prague"]
[Date "2019.08.03"]
[Round "2"]
[White "Kastner, Oldrich"]
[Black "Dharani Srinivas, KB."]
[Result "1/2-1/2"]
[WhiteElo "2033"]
[BlackElo "1690"]
[PlyCount "87"]
[EventDate "2019.08.02"]
[EventType "swiss"]
[EventRounds "9"]
[EventCountry "CZE"]
[SourceTitle "EXT 2020"]
[Source "ChessBase"]
[SourceDate "2019.10.17"]
[SourceVersion "1"]
[SourceVersionDate "2019.10.17"]
[SourceQuality "1"]

1. Nf3 Nf6 2. c4 g6 3. Nc3 d5 4. cxd5 Nxd5 5. Qb3 Nb6 6. Ng5 e6 7. d3 Bg7 8. g3 0-0 9. Bg2 Nc6 10. 0-0 a5 11. a4 Nd4 12. Qd1 Nd5 13. Bd2 b6 14. Nf3 Nxf3+ 15. Bxf3 Bb7 16. Bg2 Nxc3 17. bxc3 Bxg2 18. Kxg2 Qd5+ 19. Kg1 h5 20. h4 Bf6 21. Rb1 Rad8 22. Rb5 Qc6 23. Qb3 Kh7 24. Bg5 Bxg5 25. Rxg5 Rd5 26. Rxd5 Qxd5 27. Rb1 Rd8 28. Qc2 Qc6 29. c4 Qc5 30. Qc3 Qd4 31. Qxd4 Rxd4 32. Rb5 Kg7 33. f4 Kf6 34. Kf2 Rd6 35. Ke3 c5 36. Ke4 Rd4+ 37. Ke3 Rd6 38. Rb1 Kf5 39. Kf3 Kf6 40. Rd1 Ke7 41. e4 f5 42. Ke2 Rd4 43. e5 Kd7 44. Rb1 1/2-1/2

[Event "Pardubice Czech op-C 30th"]
[Site "Pardubice"]
[Date "2019.07.26"]
[Round "8"]
[White "Kastner, Oldrich"]
[Black "Bandt, Jochen"]
[Result "1/2-1/2"]
[WhiteElo "2076"]
[BlackElo "1767"]
[PlyCount "29"]
[EventDate "2019.07.20"]
[EventType "swiss"]
[EventRounds "9"]
[EventCountry "CZE"]
[SourceTitle "EXT 2020"]
[Source "ChessBase"]
[SourceDate "2019.10.17"]
[SourceVersion "1"]
[SourceVersionDate "2019.10.17"]
[SourceQuality "1"]

1. e4 c6 2. d4 d5 3. Nc3 dxe4 4. Nxe4 Nf6 5. Nxf6+ exf6 6. Nf3 Bg4 7. Be2 Bd6 8. Be3 0-0 9. Qd2 Re8 10. 0-0-0 a5 11. h3 Be6 12. c4 b5 13. c5 Bc7 14. Kb1 a4 15. d5 1/2-1/2

[Event "Pardubice Czech op-C 30th"]
[Site "Pardubice"]
[Date "2019.07.22"]
[Round "4"]
[White "Kompe, Joerg"]
[Black "Kastner, Oldrich"]
[Result "0-1"]
[WhiteElo "1756"]
[BlackElo "2076"]
[PlyCount "88"]
[EventDate "2019.07.20"]
[EventType "swiss"]
[EventRounds "9"]
[EventCountry "CZE"]
[SourceTitle "EXT 2020"]
[Source "ChessBase"]
[SourceDate "2019.10.17"]
[SourceVersion "1"]
[SourceVersionDate "2019.10.17"]
[SourceQuality "1"]

1. d4 Nf6 2. Nf3 b6 3. g3 Bb7 4. Bg2 e6 5. 0-0 c5 6. c4 cxd4 7. Nxd4 Bxg2 8. Kxg2 d6 9. Nc3 Be7 10. b3 0-0 11. Ba3 a6 12. e3 Ra7 13. Qf3 Rc7 14. Rac1 Qc8 15. Ne4 Ne8 16. Rfd1 f5 17. Nc3 Nd7 18. Qe2 Ne5 19. f4 Nf7 20. Nf3 b5 21. Nb1 bxc4 22. Rxc4 Rxc4 23. Qxc4 Qxc4 24. bxc4 Nc7 25. Nd4 Rc8 26. Nb3 Bf8 27. N1d2 e5 28. Nf3 Ne6 29. Rc1 g6 30. h3 h6 31. Ne1 e4 32. g4 Nfd8 33. gxf5 gxf5 34. Kf2 Nb7 35. Ng2 Nbc5 36. Nxc5 Nxc5 37. Bxc5 Rxc5 38. h4 d5 39. Ke2 dxc4 40. Ne1 h5 41. Nc2 Ra5 42. Ra1 Bg7 43. Nd4 Bxd4 44. exd4 Ra3 0-1

[Event "Pardubice Czech op-C 30th"]
[Site "Pardubice"]
[Date "2019.07.21"]
[Round "2"]
[White "Ho, Ngoc Hai Dang"]
[Black "Kastner, Oldrich"]
[Result "0-1"]
[WhiteElo "1752"]
[BlackElo "2076"]
[PlyCount "102"]
[EventDate "2019.07.20"]
[EventType "swiss"]
[EventRounds "9"]
[EventCountry "CZE"]
[SourceTitle "EXT 2020"]
[Source "ChessBase"]
[SourceDate "2019.10.17"]
[SourceVersion "1"]
[SourceVersionDate "2019.10.17"]
[SourceQuality "1"]

1. e4 c5 2. Nf3 d6 3. d4 cxd4 4. Nxd4 Nf6 5. Nc3 a6 6. Bc4 e6 7. Bb3 b5 8. a3 Nbd7 9. Be3 Nc5 10. f3 Nxb3 11. cxb3 e5 12. Nc6 Qc7 13. Nb4 Be6 14. Nbd5 Nxd5 15. Nxd5 Qb7 16. Nb6 Rd8 17. Rc1 Be7 18. Ke2 0-0 19. Nd5 Rc8 20. Qd3 f5 21. Nxe7+ Qxe7 22. Rxc8 Bxc8 23. Rd1 fxe4 24. Qxd6 exf3+ 25. gxf3 Qf7 26. Qxe5 Qxf3+ 27. Kd2 Bf5 28. Bd4 Qg2+ 29. Kc3 a5 30. Rd2 Rc8+ 31. Bc5 b4+ 32. axb4 axb4+ 33. Kc4 Qxd2 34. Qxf5 Qe2+ 35. Kd5 Rd8+ 36. Kc6 Qxh2 37. Bxb4 Qb8 38. Ba3 Qxb3 39. Kc7 Qb8+ 40. Kc6 Rc8+ 41. Kd7 Rc7+ 42. Ke6 Qc8+ 43. Ke5 Qxf5+ 44. Kxf5 Kf7 45. Bd6 Rd7 46. Ke5 Rb7 47. b4 Rb5+ 48. Kd4 Ke6 49. Bf8 g5 50. Kc4 Rb8 51. Bc5 h5 0-1

[Event "CZE-chT2D 1819"]
[Site "Czech Republic"]
[Date "2019.03.31"]
[Round "11.4"]
[White "Keller, Daniel"]
[Black "Kastner, Oldrich"]
[Result "0-1"]
[WhiteElo "2133"]
[BlackElo "2034"]
[PlyCount "182"]
[EventDate "2018.10.14"]
[EventType "team-tourn"]
[EventRounds "11"]
[EventCountry "CZE"]
[SourceTitle "EXT 2022"]
[Source "ChessBase"]
[SourceDate "2021.10.06"]
[SourceVersion "1"]
[SourceVersionDate "2021.10.06"]
[SourceQuality "1"]
[WhiteTeam "Kutna Hora"]
[BlackTeam "Policka Stefanydes"]
[WhiteTeamCountry "CZE"]
[BlackTeamCountry "CZE"]

1. e4 c5 2. Nf3 d6 3. Bb5+ Bd7 4. Bxd7+ Qxd7 5. b3 e5 6. Nc3 Nf6 7. Qe2 Nc6 8. Bb2 g6 9. 0-0 Bg7 10. h3 0-0 11. Rae1 Nd8 12. Nh2 Ne6 13. Ng4 Nf4 14. Nxf6+ Bxf6 15. Qg4 Qe6 16. Qxe6 fxe6 17. Kh2 a6 18. g3 Nh5 19. Kg2 b5 20. a4 Bg5 21. Rd1 Rab8 22. f3 Kf7 23. Rf2 Ke7 24. Rdf1 Rf7 25. axb5 axb5 26. Ra1 Kd8 27. Ra6 Rd7 28. Ra5 Rdb7 29. Re2 Kd7 30. b4 c4 31. d3 Bd8 32. Ra1 cxd3 33. cxd3 Rc8 34. Rd1 Rc6 35. Ra1 Rc8 36. Ra6 Rc6 37. Rxc6 Kxc6 38. Rc2 Kd7 39. Ne2 Bg5 40. d4 exd4 41. Bxd4 e5 42. Bb2 Be3 43. Rc3 Bg5 44. Rd3 Ke6 45. Nc3 Bh4 46. f4 Bxg3 47. Rxg3 Nxg3 48. Kxg3 exf4+ 49. Kxf4 Rf7+ 50. Ke3 Rf1 51. Ne2 Kd7 52. Nf4 g5 53. Nd5 Rh1 54. Kf3 Rxh3+ 55. Kg4 Rh2 56. Bd4 h6 57. Kf5 Rh1 58. Nf6+ Ke7 59. Kg6 Ke6 60. Nh5 Rb1 61. Kxh6 Rxb4 62. Ng7+ Kd7 63. Nf5 g4 64. Kg5 g3 65. Kf4 g2 66. Bf2 Rb1 67. Nd4 g1Q 68. Bxg1 Rxg1 69. Nxb5 Rf1+ 70. Ke3 Kc6 71. Nd4+ Kc5 72. Nf5 d5 73. Ng3 d4+ 74. Kd2 Ra1 75. Nf5 Ra2+ 76. Kd3 Ra3+ 77. Kd2 Rf3 78. Ke2 Rh3 79. Kd2 d3 80. Kc3 Kc6 81. Kd2 Kd7 82. Ne3 Ke6 83. Nc4 Kf6 84. Ne3 Ke5 85. Ng4+ Kd4 86. e5 Rg3 87. Nf6 Rg2+ 88. Kd1 Kxe5 89. Nd7+ Kd4 90. Nf6 Rg6 91. Nd7 Ke3 0-1

[Event "Litomysl op 20th"]
[Site "Litomysl"]
[Date "2018.12.29"]
[Round "5"]
[White "Kastner, Oldrich"]
[Black "Daniel, Damian"]
[Result "1/2-1/2"]
[WhiteElo "2020"]
[BlackElo "2152"]
[PlyCount "74"]
[EventDate "2018.12.26"]
[EventType "swiss"]
[EventRounds "9"]
[EventCountry "CZE"]
[SourceTitle "CBM 188 Extra"]
[Source "ChessBase"]
[SourceDate "2019.02.26"]
[SourceVersion "1"]
[SourceVersionDate "2019.02.26"]
[SourceQuality "1"]

1. Nf3 g6 2. d4 Bg7 3. e4 d6 4. Bc4 Nf6 5. Nc3 0-0 6. 0-0 c6 7. Bb3 Qc7 8. Re1 e5 9. dxe5 dxe5 10. Be3 Na6 11. Qc1 Ng4 12. Bg5 Nc5 13. h3 Nf6 14. Bh6 a5 15. Bxg7 Kxg7 16. Qe3 b6 17. Bc4 Nh5 18. Ne2 Be6 19. Bxe6 Nxe6 20. Rad1 Rfd8 21. g3 Nf6 22. Qc3 Nxe4 23. Qxe5+ Qxe5 24. Nxe5 c5 25. Nc6 Rxd1 26. Rxd1 a4 27. f3 Nf6 28. a3 Rc8 29. Na7 Re8 30. Kf2 Kf8 31. Nc3 Nd4 32. Rd2 Nd7 33. Nab5 Nxb5 34. Nxb5 Ne5 35. Nd6 Rd8 36. Nc4 Rxd2+ 37. Nxd2 Ke7 1/2-1/2